00430nam a22001457a 4500008004100000020001800041050002300059100002300082245004500105250001200150260005600162300003400218500001900252650001300271170116b xxu||||| |||| 00| 0 eng d a9780131355163 aQA 152.2 .M37 2009 aMartin-Gay, Elayn. aIntermediate Algebra/cElayn Martin-Gay. a5th ed. aUpppersaddle river :bPearson Prentice Hall,c2009. axxiii, 696p. :bill. ;c29cm. aInclude index. aAlgebra.